[Event "2021 FIDE Online Olympiad"]
[Site "Chess.com"]
[Date "2021.08.29"]
[Round "7.5"]
[White "Espinoza Solano, Jose Nahum"]
[Black "Gerena Rivas, Eliam"]
[Result "0-1"]
[WhiteElo "1915"]
[BlackElo "1954"]
[PlyCount "138"]
[EventDate "2021.08.27"]
[EventType "team"]
[EventRounds "9"]
[SourceVersionDate "2018.05.14"]
[WhiteTeam "Nicaragua"]
[BlackTeam "Puerto Rico"]
[WhiteTeamCountry "NCA"]
[BlackTeamCountry "PUR"]

1. e4 c5 2. Nf3 e6 3. d4 cxd4 4. Nxd4 a6 5. c4 Nf6 6. Nc3 Qc7 7. Be2 Bb4 8. Qd3
Nc6 9. O-O h5 10. a3 Ng4 11. g3 Bc5 12. Nxc6 bxc6 13. b4 Be7 14. c5 d6 15. cxd6
Qxd6 16. Qxd6 Bxd6 17. h3 Nf6 18. f4 e5 19. f5 a5 20. b5 Bc5+ 21. Kg2 Bd4 22.
Bb2 Bb7 23. Bf3 cxb5 24. Nxb5 Bxb2 25. Rab1 Ke7 26. Rxb2 Ba6 27. Rc1 Rac8 28.
Rc7+ Nd7 29. Rd2 Bxb5 30. Rb7 Bc6 31. Ra7 Ra8 32. Rc7 Rhc8 33. Rxc8 Rxc8 34.
Kf2 Nf6 35. Ke3 Bd7 36. Rd3 Rc4 37. g4 hxg4 38. hxg4 Bc6 39. Rb3 Bxe4 40. Be2
Rd4 41. Rb5 Nd5+ 42. Kf2 Nc3 43. Rxe5+ Kf6 44. Rc5 Nxe2 45. Kxe2 Ra4 46. Ke3
Bg2 47. Kf2 Rxg4 48. Rxa5 Be4 49. Ra6+ Kxf5 50. a4 f6 51. a5 Kg6 52. Ra7 Bd3
53. Ke3 Bf1 54. Kf2 Bb5 55. Rb7 Bc6 56. Rc7 Rc4 57. a6 Bb5 58. a7 Ra4 59. Rb7
Bc6 60. Rc7 Be4 61. Re7 f5 62. Ke3 Kf6 63. Rc7 g5 64. Kf2 g4 65. Kg3 Ra3+ 66.
Kf2 Kg5 67. Rg7+ Kf4 68. Ke2 g3 69. Kd2 g2 0-1

[Event "2021 FIDE Online Olympiad"]
[Site "Chess.com"]
[Date "2021.08.29"]
[Round "7.6"]
[White "Alvarado Perez, Coralys M."]
[Black "Cabezas Calero, Abigail Carolina"]
[Result "1/2-1/2"]
[WhiteElo "1529"]
[BlackElo "1382"]
[PlyCount "97"]
[EventDate "2021.08.27"]
[EventType "team"]
[EventRounds "9"]
[SourceVersionDate "2018.05.14"]
[WhiteTeam "Puerto Rico"]
[BlackTeam "Nicaragua"]
[WhiteTeamCountry "PUR"]
[BlackTeamCountry "NCA"]

1. e4 e6 2. g3 d5 3. exd5 exd5 4. d4 Nc6 5. Bg2 Nf6 6. Ne2 Bd6 7. O-O O-O 8. c3
Be6 9. h3 Qd7 10. Kh2 Ne7 11. Nf4 Bf5 12. b3 Ng6 13. Nd3 Nh4 14. Rh1 Nxg2 15.
Kxg2 Rfe8 16. Bf4 Re7 17. Bxd6 cxd6 18. Nf4 Rae8 19. Nd2 Ne4 20. Nxd5 Re6 21.
Ne3 Nxc3 22. Qf3 Bg6 23. Rhe1 Ne4 24. Qd1 Nxd2 25. Qxd2 Be4+ 26. Kh2 Rh6 27. g4
d5 28. Nf5 Bxf5 29. Rxe8+ Qxe8 30. gxf5 Qd7 31. Qf4 f6 32. Rg1 Rh5 33. Qb8+ Kf7
34. Qxa7 Rxf5 35. Rg2 Rh5 36. Rg3 Rf5 37. Rg2 Rf3 38. Kg1 Rxh3 39. Qc5 Rh5 40.
a4 Rg5 41. Rxg5 fxg5 42. a5 h5 43. b4 h4 44. Qc1 Qg4+ 45. Kf1 Qh3+ 46. Ke2 Qg4+
47. Kf1 Qh3+ 48. Ke2 Qg4+ 49. Kf1 1/2-1/2

[Event "2021 FIDE Online Olympiad"]
[Site "Chess.com"]
[Date "2021.08.29"]
[Round "7.1"]
[White "Khoa, Goodwill"]
[Black "Anquandah, Francis Eric"]
[Result "1/2-1/2"]
[WhiteElo "1846"]
[BlackElo "2031"]
[PlyCount "171"]
[EventDate "2021.08.27"]
[EventType "team"]
[EventRounds "9"]
[SourceVersionDate "2018.05.14"]
[WhiteTeam "Namibia"]
[BlackTeam "Ghana"]
[WhiteTeamCountry "NAM"]
[BlackTeamCountry "GHA"]

1. Nf3 Nf6 2. c4 e6 3. Nc3 b6 4. g3 Bb7 5. Bg2 Be7 6. d4 d6 7. O-O O-O 8. Re1
Ne4 9. Qc2 f5 10. Nd2 d5 11. cxd5 exd5 12. Nf3 Nd7 13. Bf4 c6 14. Ne5 Nxe5 15.
Bxe5 Bf6 16. Bxf6 Qxf6 17. e3 h6 18. Qb3 Kh8 19. a4 Bc8 20. Qc2 Bd7 21. Na2 a5
22. Nc1 c5 23. Ne2 c4 24. Nf4 Be6 25. b3 Rac8 26. bxc4 Rxc4 27. Qb3 Rb4 28. Qd3
g5 29. Nxe6 Qxe6 30. Rec1 Rc8 31. Qa6 Rbc4 32. Rxc4 dxc4 33. Rc1 c3 34. Qb7 Qc6
35. Qf7 Qf6 36. Qd7 Rf8 37. f3 Nd6 38. Rxc3 f4 39. Rc7 Rf7 40. Qc6 Rxc7 41.
Qxc7 fxe3 42. Qxb6 e2 43. Qb8+ Kg7 44. Kf2 Qxd4+ 45. Kxe2 Qe5+ 46. Kf1 Qa1+ 47.
Kf2 Qd4+ 48. Kf1 Qd1+ 49. Kf2 Qd4+ 50. Ke1 Qg1+ 51. Bf1 Qe3+ 52. Be2 Qg1+ 53.
Kd2 Qd4+ 54. Kc2 Qxa4+ 55. Qb3 Qc6+ 56. Kb2 Qb7 57. Bd3 Kf6 58. Ka3 Qxb3+ 59.
Kxb3 Ke5 60. Ka4 Kd4 61. Bg6 Nc4 62. f4 gxf4 63. gxf4 Kc5 64. f5 Kd6 65. Bf7
Ne3 66. Kxa5 Nxf5 67. Kb4 Ke5 68. Kc3 Kf4 69. h3 Kg3 70. Be6 Ne7 71. Kd3 Ng6
72. Ke3 Nf4 73. Bc8 Nxh3 74. Ke2 Nf4+ 75. Kf1 h5 76. Kg1 h4 77. Kh1 Nd3 78. Bd7
Nf2+ 79. Kg1 Ne4 80. Kh1 Ng5 81. Bc8 Nf3 82. Bh3 Ng5 83. Bc8 Ne4 84. Bd7 Nc5
85. Bc8 Ne4 86. Bd7 1/2-1/2

[Event "2021 FIDE Online Olympiad"]
[Site "Chess.com"]
[Date "2021.08.29"]
[Round "7.2"]
[White "Adu-Poku, Kwabena"]
[Black "Eichab, Charles"]
[Result "1-0"]
[WhiteElo "1831"]
[BlackElo "2016"]
[PlyCount "67"]
[EventDate "2021.08.27"]
[EventType "team"]
[EventRounds "9"]
[SourceVersionDate "2018.05.14"]
[WhiteTeam "Ghana"]
[BlackTeam "Namibia"]
[WhiteTeamCountry "GHA"]
[BlackTeamCountry "NAM"]

1. e4 c5 2. Nf3 d6 3. Bb5+ Nd7 4. c3 Ngf6 5. Qe2 a6 6. Ba4 b5 7. Bc2 e5 8. O-O
Be7 9. d4 O-O 10. Rd1 Qc7 11. a4 b4 12. a5 Bb7 13. dxe5 Nxe5 14. Bg5 h6 15. Bh4
Rfe8 16. Nbd2 bxc3 17. bxc3 Bc6 18. Nxe5 dxe5 19. Bd3 Nxe4 20. Nxe4 Bxh4 21.
Nxc5 e4 22. Nxa6 Qe5 23. Bc4 Be7 24. Nb4 Bd6 25. g3 Rec8 26. Nxc6 Rxc6 27. Bd5
Rxc3 28. Bxa8 e3 29. f4 Qc5 30. Be4 Qc4 31. Qxc4 Rxc4 32. Bd3 Rd4 33. Bh7+ Kxh7
34. Rxd4 1-0

[Event "2021 FIDE Online Olympiad"]
[Site "Chess.com"]
[Date "2021.08.29"]
[Round "7.3"]
[White "Mentile, Lishen"]
[Black "Ayiku, Angela Naa Amerley"]
[Result "1-0"]
[WhiteElo "1477"]
[BlackElo "1415"]
[PlyCount "81"]
[EventDate "2021.08.27"]
[EventType "team"]
[EventRounds "9"]
[SourceVersionDate "2018.05.14"]
[WhiteTeam "Namibia"]
[BlackTeam "Ghana"]
[WhiteTeamCountry "NAM"]
[BlackTeamCountry "GHA"]

1. e4 c5 2. Nf3 Nc6 3. d4 cxd4 4. Nxd4 Qc7 5. Nc3 g6 6. Be3 Bg7 7. Bb5 a6 8.
Ba4 b5 9. Bb3 e6 10. Qd2 Nge7 11. O-O O-O 12. h3 Bb7 13. Rfe1 Na5 14. Bh6 Qe5
15. Nf3 Qc7 16. Bxg7 Kxg7 17. Rad1 Rfd8 18. Qd4+ Kg8 19. Qf6 d5 20. exd5 Nxd5
21. Bxd5 Bxd5 22. Nxd5 exd5 23. Re7 Qxe7 24. Qxe7 Nc6 25. Qf6 Nb4 26. c3 Nc2
27. Rc1 Re8 28. Rxc2 Ra7 29. Nd4 h5 30. Rd2 Rae7 31. Qxa6 Re6 32. Nxe6 fxe6 33.
Qxb5 Rf8 34. Qd7 Rf6 35. Re2 e5 36. Qxd5+ Kg7 37. Rxe5 Kh6 38. Qd2+ g5 39.
Qxg5+ Kh7 40. Qxf6 h4 41. Re7+ 1-0

[Event "2021 FIDE Online Olympiad"]
[Site "Chess.com"]
[Date "2021.08.29"]
[Round "7.4"]
[White "Barnor, Mary"]
[Black "Horn, Lure"]
[Result "0-1"]
[WhiteElo "1000"]
[BlackElo "1066"]
[PlyCount "68"]
[EventDate "2021.08.27"]
[EventType "team"]
[EventRounds "9"]
[SourceVersionDate "2018.05.14"]
[WhiteTeam "Ghana"]
[BlackTeam "Namibia"]
[WhiteTeamCountry "GHA"]
[BlackTeamCountry "NAM"]

1. g3 Nf6 2. Bg2 e5 3. e3 Nc6 4. Nf3 d5 5. d4 e4 6. Ne5 Nxe5 7. dxe5 Ng4 8. Nc3
c6 9. Bd2 Nxe5 10. Nxe4 dxe4 11. Bxe4 Qf6 12. Bc3 Qe6 13. Qd2 Nc4 14. Qe2 Qxe4
15. f3 Qxe3 16. Qxe3+ Nxe3 17. Rc1 Bf5 18. Bd2 Nxc2+ 19. Rxc2 Bxc2 20. O-O Bc5+
21. Kg2 O-O-O 22. Bg5 f6 23. Bf4 g5 24. Bd2 Rxd2+ 25. Kh3 Bd3 26. Rc1 Rc2 27.
Rxc2 Bxc2 28. f4 gxf4 29. gxf4 Rg8 30. Kh4 Be3 31. Kh5 Bxf4 32. Kh4 Bf5 33. Kh5
Rg6 34. Kh4 Rh6# 0-1

[Event "2021 FIDE Online Olympiad"]
[Site "Chess.com"]
[Date "2021.08.29"]
[Round "7.5"]
[White "Gaoseb, Manfredo"]
[Black "Acheampong, Dave Quansah Chief"]
[Result "1-0"]
[WhiteElo "1647"]
[BlackElo "1375"]
[PlyCount "117"]
[EventDate "2021.08.27"]
[EventType "team"]
[EventRounds "9"]
[SourceVersionDate "2018.05.14"]
[WhiteTeam "Namibia"]
[BlackTeam "Ghana"]
[WhiteTeamCountry "NAM"]
[BlackTeamCountry "GHA"]

1. e4 c5 2. Nf3 d6 3. d4 cxd4 4. Nxd4 Nf6 5. Nc3 a6 6. Be3 e6 7. g3 Be7 8. Bg2
Nbd7 9. O-O O-O 10. Qe1 Qc7 11. Qd2 Rb8 12. a4 b6 13. Rfe1 Bb7 14. h3 Rbc8 15.
Nb3 Ne5 16. Qe2 Nc4 17. Bc1 Ne5 18. Nd4 Qc4 19. Be3 Qxe2 20. Rxe2 Nc4 21. Bc1
Ne5 22. f4 Nc6 23. Nxc6 Bxc6 24. Be3 b5 25. axb5 axb5 26. Ra7 Bd8 27. e5 Bxg2
28. Kxg2 dxe5 29. fxe5 Nd5 30. Nxd5 exd5 31. Rb7 Bc7 32. Bd4 Rfe8 33. c3 f6 34.
e6 Bd6 35. Rxb5 Rc6 36. Rxd5 Bf8 37. e7 Rxe7 38. Rxe7 Bxe7 39. b4 Kf7 40. b5
Rc7 41. b6 Rb7 42. c4 Ke6 43. Rh5 h6 44. c5 Kd7 45. Kf3 Kc6 46. Ke4 g5 47. Rxh6
Bxc5 48. Rxf6+ Kb5 49. Rf5 Kxb6 50. Rxc5 Ka6 51. Rxg5 Rh7 52. h4 Re7+ 53. Be5
Kb6 54. h5 Kc5 55. h6 Rh7 56. Bg7+ Kd6 57. Rg6+ Ke7 58. Kf5 Kf7 59. g4 1-0

[Event "2021 FIDE Online Olympiad"]
[Site "Chess.com"]
[Date "2021.08.29"]
[Round "7.1"]
[White "Ynojosa Aponte, Felix Jose"]
[Black "Warner, Delisle"]
[Result "1-0"]
[WhiteElo "2415"]
[BlackElo "2195"]
[PlyCount "57"]
[EventDate "2021.08.27"]
[EventType "team"]
[EventRounds "9"]
[SourceVersionDate "2018.05.14"]
[WhiteTeam "Venezuela"]
[BlackTeam "Barbados"]
[WhiteTeamCountry "VEN"]
[BlackTeamCountry "BAR"]

1. e4 e6 2. c4 b6 3. Nc3 Bb7 4. d4 Bb4 5. Bd3 f5 6. d5 fxe4 7. Bxe4 Nf6 8. Bg5
exd5 9. Bxd5 Qe7+ 10. Nge2 Bxd5 11. cxd5 Bxc3+ 12. bxc3 Qe5 13. Bxf6 Qxf6 14.
O-O O-O 15. Qa4 Qe5 16. Qc4 Qd6 17. Ng3 Qc5 18. Qd3 c6 19. d6 a5 20. Rae1 a4
21. Re7 Ra5 22. Ne4 Qf5 23. Qd4 Rf7 24. Qxb6 Na6 25. Ng3 Qc5 26. Qd8+ Rf8 27.
Qxd7 Qxc3 28. Qe6+ Kh8 29. Re8 1-0

[Event "2021 FIDE Online Olympiad"]
[Site "Chess.com"]
[Date "2021.08.29"]
[Round "7.2"]
[White "Edwards, Emar"]
[Black "Abiad Parra, Carlos Jose"]
[Result "0-1"]
[WhiteElo "1455"]
[BlackElo "2050"]
[PlyCount "92"]
[EventDate "2021.08.27"]
[EventType "team"]
[EventRounds "9"]
[SourceVersionDate "2018.05.14"]
[WhiteTeam "Barbados"]
[BlackTeam "Venezuela"]
[WhiteTeamCountry "BAR"]
[BlackTeamCountry "VEN"]

1. e4 c5 2. Nc3 g6 3. d4 cxd4 4. Qxd4 Nf6 5. Nf3 Nc6 6. Qa4 d6 7. e5 Ng4 8. Bf4
Bg7 9. exd6 O-O 10. h3 Nf6 11. Be2 exd6 12. Rd1 d5 13. O-O Be6 14. Nb5 a6 15.
Nbd4 Rc8 16. c4 Bd7 17. Nxc6 Bxc6 18. Qb4 a5 19. Qa3 Qb6 20. c5 Qd8 21. Bd2 Ra8
22. Bc3 Ne4 23. Bxg7 Kxg7 24. Bd3 Qf6 25. Qb3 Nxc5 26. Qc2 Ne6 27. Rfe1 Rac8
28. Qd2 a4 29. Ne5 Nf4 30. Nf3 Rfe8 31. Bf1 Nxh3+ 32. gxh3 Qxf3 33. Bg2 Rxe1+
34. Rxe1 Qf6 35. Re3 d4 36. Rg3 h5 37. Bxc6 bxc6 38. Kg2 c5 39. Qc2 Qc6+ 40.
Kg1 Re8 41. Qd2 Qd5 42. Ra3 Qf5 43. Rxa4 Qxh3 44. Qd1 Re4 45. f3 Rh4 46. Qf1
Qh2# 0-1

[Event "2021 FIDE Online Olympiad"]
[Site "Chess.com"]
[Date "2021.08.29"]
[Round "7.3"]
[White "Varela La Madrid, Tilsia Carolina"]
[Black "Figueroa, Julissa"]
[Result "1-0"]
[WhiteElo "2033"]
[BlackElo "1701"]
[PlyCount "39"]
[EventDate "2021.08.27"]
[EventType "team"]
[EventRounds "9"]
[SourceVersionDate "2018.05.14"]
[WhiteTeam "Venezuela"]
[BlackTeam "Barbados"]
[WhiteTeamCountry "VEN"]
[BlackTeamCountry "BAR"]

1. e4 c5 2. c3 Nf6 3. e5 Nd5 4. d4 cxd4 5. cxd4 Nc6 6. Nf3 d6 7. Bc4 Nb6 8. Bb5
Bd7 9. exd6 exd6 10. O-O Be7 11. Nc3 O-O 12. Re1 a6 13. Bd3 g6 14. h3 Nb4 15.
Bh6 Nxd3 16. Qxd3 Re8 17. d5 Bf5 18. Qd4 Bf6 19. Rxe8+ Qxe8 20. Qxf6 1-0

[Event "2021 FIDE Online Olympiad"]
[Site "Chess.com"]
[Date "2021.08.29"]
[Round "7.4"]
[White "Wilson, Hannah"]
[Black "Gutierrez Salazar, Leonela"]
[Result "0-1"]
[WhiteElo "1164"]
[BlackElo "2031"]
[PlyCount "142"]
[EventDate "2021.08.27"]
[EventType "team"]
[EventRounds "9"]
[SourceVersionDate "2018.05.14"]
[WhiteTeam "Barbados"]
[BlackTeam "Venezuela"]
[WhiteTeamCountry "BAR"]
[BlackTeamCountry "VEN"]

1. e4 c5 2. Nf3 d6 3. d4 cxd4 4. Nxd4 Nf6 5. Nc3 a6 6. Be3 e6 7. Be2 Be7 8. Qd2
Qc7 9. O-O-O b5 10. Kb1 Bb7 11. f3 Nbd7 12. Nb3 Rc8 13. a3 Ne5 14. g4 Nc4 15.
Bxc4 bxc4 16. Nd4 Rb8 17. g5 Nd7 18. f4 Nc5 19. Qg2 Ba8 20. Ka1 Qb7 21. Rb1
Nxe4 22. Nxe4 Qxe4 23. Qf2 O-O 24. h4 c3 25. Nb3 Qa4 26. Rh3 Rfc8 27. Bc1 d5
28. h5 cxb2+ 29. Rxb2 Qxa3+ 30. Ra2 Qb4 31. Bb2 Qb6 32. Qe2 Qc7 33. Be5 Bd6 34.
Rc3 Bxe5 35. Qxe5 Qxc3+ 36. Qxc3 Rxc3 37. Kb2 Rf3 38. Rxa6 Rxf4 39. Ra7 Rg4 40.
g6 hxg6 41. hxg6 Rxg6 42. Ka2 e5 43. Nc5 d4 44. Nd7 Rd8 45. Nxe5 Rf6 46. Kb2
Bd5 47. Nd3 Rb6+ 48. Kc1 Rc8 49. Kd2 Be6 50. Ra2 Rbc6 51. Nb4 Bxa2 52. Nxc6
Rxc6 53. Kd3 Rd6 54. Kd2 f5 55. Kd3 g5 56. Kd2 g4 57. Ke2 Bc4+ 58. Kf2 Re6 59.
Kg3 Re2 60. Kf4 Rxc2 61. Kg3 d3 62. Kf4 d2 63. Kg3 d1=Q 64. Kh4 Rh2+ 65. Kg5
Qd2+ 66. Kxf5 Rh5+ 67. Kxg4 Qg5+ 68. Kf3 Rh4 69. Kf2 Qf4+ 70. Kg2 Rg4+ 71. Kh1
Qh6# 0-1

[Event "2021 FIDE Online Olympiad"]
[Site "Chess.com"]
[Date "2021.08.29"]
[Round "7.5"]
[White "Castro Silva, Moises Antonio"]
[Black "Roachford, Adam"]
[Result "1/2-1/2"]
[WhiteElo "1926"]
[BlackElo "1275"]
[PlyCount "97"]
[EventDate "2021.08.27"]
[EventType "team"]
[EventRounds "9"]
[SourceVersionDate "2018.05.14"]
[WhiteTeam "Venezuela"]
[BlackTeam "Barbados"]
[WhiteTeamCountry "VEN"]
[BlackTeamCountry "BAR"]

1. e4 e5 2. Nf3 Nc6 3. Bb5 Nf6 4. O-O d6 5. d4 exd4 6. Nxd4 Bd7 7. Nc3 h6 8.
Nxc6 bxc6 9. Bc4 Be7 10. h3 O-O 11. Be3 Be6 12. Bxe6 fxe6 13. e5 dxe5 14. Qe2
Nd5 15. Qc4 Qe8 16. Ne4 Qg6 17. Rae1 Nf4 18. Bxf4 Rxf4 19. Qxc6 Raf8 20. Re2
Bd6 21. Nxd6 cxd6 22. Qxd6 R8f6 23. Qb8+ Kh7 24. Qxa7 e4 25. Re3 R6f5 26. Qc7
e5 27. Qc3 Qf6 28. Qd2 Rg5 29. Qe2 Qf5 30. Rg3 Rxg3 31. fxg3 Rxf1+ 32. Qxf1 Qg6
33. Qe2 Qb6+ 34. Kh2 Qd4 35. g4 e3 36. Kg1 Qd2 37. Qd3+ g6 38. h4 Qf2+ 39. Kh2
e2 40. Qd7+ Kg8 41. Qe8+ Kh7 42. Qe7+ Kg8 43. Qe8+ Qf8 44. Qxe5 Qf1 45. Qe8+
Kg7 46. Qe7+ Kg8 47. Qe8+ Kg7 48. Qe7+ Kg8 49. Qe8+ 1/2-1/2

[Event "2021 FIDE Online Olympiad"]
[Site "Chess.com"]
[Date "2021.08.29"]
[Round "7.6"]
[White "Moore, Gaybrianna"]
[Black "Gonzalez Gonzalez, Maria Alejandra"]
[Result "1-0"]
[WhiteElo "1321"]
[BlackElo "1482"]
[PlyCount "105"]
[EventDate "2021.08.27"]
[EventType "team"]
[EventRounds "9"]
[SourceVersionDate "2018.05.14"]
[WhiteTeam "Barbados"]
[BlackTeam "Venezuela"]
[WhiteTeamCountry "BAR"]
[BlackTeamCountry "VEN"]

1. d4 d5 2. Bf4 Bf5 3. e3 e6 4. c4 c6 5. Nc3 Nf6 6. Qb3 Qc8 7. Rc1 Qd7 8. Nf3
Be7 9. Ne5 Qc8 10. cxd5 exd5 11. e4 Be6 12. exd5 cxd5 13. Bb5+ Kf8 14. O-O Qd8
15. Ne2 a6 16. Bd3 b5 17. Rc2 Nbd7 18. Rfc1 Nxe5 19. Bxe5 Nd7 20. Nf4 Nxe5 21.
Nxe6+ fxe6 22. dxe5 g6 23. Qc3 Kg7 24. Qc7 Rf8 25. Qxd8 Raxd8 26. Rc6 Kf7 27.
Rxa6 Rc8 28. Rxc8 Rxc8 29. Kf1 Rc1+ 30. Ke2 b4 31. Rb6 Rc7 32. Bb5 Bc5 33. Rc6
Rxc6 34. Bxc6 Ke7 35. f3 Bd4 36. b3 Bxe5 37. h3 h6 38. Kd3 g5 39. Ke3 Kd6 40.
Be8 Bf4+ 41. Kd3 Be5 42. Kc2 Bc3 43. a3 e5 44. a4 e4 45. fxe4 dxe4 46. Bb5 Ke5
47. a5 Kf4 48. a6 Bd4 49. Bc6 Ke5 50. Kd2 Kf4 51. Ke2 Ke5 52. g4 Kf4 53. Kd2
1-0

[Event "2021 FIDE Online Olympiad"]
[Site "Chess.com"]
[Date "2021.08.29"]
[Round "7.1"]
[White "Chavez, Ricardo Ernesto"]
[Black "Christie, Joshua"]
[Result "1-0"]
[WhiteElo "2224"]
[BlackElo "1915"]
[PlyCount "65"]
[EventDate "2021.08.27"]
[EventType "team"]
[EventRounds "9"]
[SourceVersionDate "2018.05.14"]
[WhiteTeam "El Salvador"]
[BlackTeam "Jamaica"]
[WhiteTeamCountry "ESA"]
[BlackTeamCountry "JAM"]

1. e4 e6 2. d4 d5 3. e5 c5 4. c3 Nc6 5. Nf3 Qb6 6. a3 Nh6 7. b4 cxd4 8. Bxh6
gxh6 9. cxd4 Bg7 10. Ra2 O-O 11. Be2 f6 12. exf6 Rxf6 13. O-O Bd7 14. Nc3 Raf8
15. Na4 Qd8 16. Nc5 Bc8 17. Nd3 Rf5 18. b5 Nxd4 19. Nxd4 Bxd4 20. Bg4 R5f7 21.
Rc2 Bd7 22. a4 e5 23. Nb4 Bf5 24. Rd2 Qd6 25. Bxf5 Rxf5 26. Nc2 Bb6 27. Rxd5
Rxf2 28. Rxf2 Bxf2+ 29. Kh1 Be1 30. Ne3 Qb4 31. Rd7 Bf2 32. Qd5+ Kh8 33. Qxe5+
1-0

[Event "2021 FIDE Online Olympiad"]
[Site "Chess.com"]
[Date "2021.08.29"]
[Round "7.2"]
[White "Lorne, Ras Malaku"]
[Black "Sura, Kalvin"]
[Result "1-0"]
[WhiteElo "2079"]
[BlackElo "1985"]
[PlyCount "45"]
[EventDate "2021.08.27"]
[EventType "team"]
[EventRounds "9"]
[SourceVersionDate "2018.05.14"]
[WhiteTeam "Jamaica"]
[BlackTeam "El Salvador"]
[WhiteTeamCountry "JAM"]
[BlackTeamCountry "ESA"]

1. d4 d5 2. c4 c6 3. Nf3 Nf6 4. Nc3 a6 5. c5 b6 6. cxb6 Qxb6 7. e3 Bf5 8. Be2
e6 9. O-O Nbd7 10. Nh4 Bg6 11. b3 Be7 12. Nxg6 hxg6 13. f4 Bb4 14. Na4 Qb7 15.
a3 Bd6 16. Qc2 Ne4 17. Bd3 Ndf6 18. b4 Qe7 19. Qxc6+ Qd7 20. Qxa8+ Ke7 21. Qxh8
Qxa4 22. Qa8 Qb3 23. Qxa6 1-0

[Event "2021 FIDE Online Olympiad"]
[Site "Chess.com"]
[Date "2021.08.29"]
[Round "7.3"]
[White "Ortez, Andrea"]
[Black "Miller, Rachel"]
[Result "0-1"]
[WhiteElo "1969"]
[BlackElo "2004"]
[PlyCount "76"]
[EventDate "2021.08.27"]
[EventType "team"]
[EventRounds "9"]
[SourceVersionDate "2018.05.14"]
[WhiteTeam "El Salvador"]
[BlackTeam "Jamaica"]
[WhiteTeamCountry "ESA"]
[BlackTeamCountry "JAM"]

1. e4 e5 2. Nf3 Nc6 3. Bb5 a6 4. Ba4 d6 5. c3 Bd7 6. Qe2 g6 7. O-O Bg7 8. Rd1
Nf6 9. d3 O-O 10. Nbd2 b5 11. Bb3 Na5 12. Bc2 c5 13. Nf1 Nc6 14. Bg5 h6 15.
Bxf6 Qxf6 16. Ne3 Be6 17. a4 b4 18. Nd5 Qd8 19. cxb4 Bxd5 20. exd5 Nxb4 21. Bb3
Qb6 22. Bc4 Qb7 23. Nd2 f5 24. Nb3 Qc7 25. Rf1 Kh7 26. h4 Rae8 27. Nc1 e4 28.
Qd2 Bd4 29. dxe4 fxe4 30. h5 e3 31. hxg6+ Kg7 32. Qd1 exf2+ 33. Kh1 Re4 34. g3
Qe7 35. Nd3 Qg5 36. Kg2 Rg4 37. Nxf2 Rxg3+ 38. Kh2 Qh4+ 0-1

[Event "2021 FIDE Online Olympiad"]
[Site "Chess.com"]
[Date "2021.08.29"]
[Round "7.4"]
[White "Clarke, Adani"]
[Black "Garcia, Angie"]
[Result "1/2-1/2"]
[WhiteElo "1646"]
[BlackElo "1802"]
[PlyCount "81"]
[EventDate "2021.08.27"]
[EventType "team"]
[EventRounds "9"]
[SourceVersionDate "2018.05.14"]
[WhiteTeam "Jamaica"]
[BlackTeam "El Salvador"]
[WhiteTeamCountry "JAM"]
[BlackTeamCountry "ESA"]

1. d4 d5 2. c4 e5 3. cxd5 Qxd5 4. Nf3 Nc6 5. Nc3 Bb4 6. Bd2 Bxc3 7. Bxc3 e4 8.
Ne5 Nxe5 9. dxe5 Be6 10. e3 Ne7 11. Be2 O-O 12. O-O Rad8 13. Qc2 Ng6 14. Rfd1
Qc6 15. Rac1 Rfe8 16. b3 Bd5 17. Qb2 Qe6 18. Bd4 c6 19. Bxa7 Nxe5 20. Bd4 f6
21. h3 Rd7 22. Bxe5 Qxe5 23. Qxe5 Rxe5 24. Bc4 Kf8 25. Rd4 Ke7 26. Rcd1 Kd6 27.
Kf1 b5 28. Bxd5 Rxd5 29. Ke2 Kc5 30. b4+ Kd6 31. R1d2 Ke5 32. Rxd5+ Rxd5 33.
Rc2 Kd6 34. Rc3 g6 35. Ra3 Ke6 36. Ra7 h5 37. Ra6 Kd6 38. Ra7 Ke6 39. Ra6 Rd6
40. Ra3 Rd5 41. Ra6 1/2-1/2

[Event "2021 FIDE Online Olympiad"]
[Site "Chess.com"]
[Date "2021.08.29"]
[Round "7.5"]
[White "Perez Salazar, Armando"]
[Black "Glaves, Raheem"]
[Result "1-0"]
[WhiteElo "1932"]
[BlackElo "1983"]
[PlyCount "157"]
[EventDate "2021.08.27"]
[EventType "team"]
[EventRounds "9"]
[SourceVersionDate "2018.05.14"]
[WhiteTeam "El Salvador"]
[BlackTeam "Jamaica"]
[WhiteTeamCountry "ESA"]
[BlackTeamCountry "JAM"]

1. d4 Nf6 2. Bf4 e6 3. e3 Bd6 4. Bg3 Qe7 5. Nf3 Bxg3 6. hxg3 Qb4+ 7. Nbd2 Qxb2
8. Bd3 d5 9. O-O Qa3 10. Nb3 Qe7 11. c4 O-O 12. Rc1 Nc6 13. Ne5 Nxe5 14. dxe5
Nd7 15. f4 dxc4 16. Rxc4 Nb6 17. Rc1 Nd5 18. Rf3 f5 19. exf6 Nxf6 20. g4 Nxg4
21. Rh3 Nf6 22. Qc2 h6 23. Qxc7 Qxc7 24. Rxc7 Nd5 25. Rc1 Bd7 26. Rg3 Rac8 27.
Re1 Rc3 28. Bb1 Nxf4 29. Rf3 Nd3 30. Rd1 Rxf3 31. gxf3 Nc5 32. Bg6 Nxb3 33.
Rxd7 Kf8 34. axb3 Rc1+ 35. Kf2 Rc8 36. Rxb7 Ra8 37. f4 a5 38. Kf3 a4 39. bxa4
Rxa4 40. Rf7+ Kg8 41. Re7 Ra8 42. Rxe6 Kf8 43. Rb6 Ke7 44. f5 Ra7 45. Re6+ Kd7
46. Be8+ Kd8 47. Bc6 Ra5 48. e4 Kc7 49. Bd5 Ra3+ 50. Kg4 Ra1 51. Rc6+ Kd7 52.
Rb6 Kc7 53. Rb2 Kd6 54. Rg2 Ra7 55. Kf4 Re7 56. Rg6+ Kc5 57. Be6 Kd4 58. Rg2
g5+ 59. Kf3 Ke5 60. Bd5 Rc7 61. Kg4 Rc3 62. Rh2 Rc1 63. Kh5 Kf4 64. f6 Rc8 65.
f7 Rf8 66. Kg6 g4 67. Rxh6 g3 68. Kg7 g2 69. Rg6 g1=Q 70. Rxg1 Rd8 71. f8=Q+
Ke3 72. Qxd8 Kf2 73. Qg5 Ke2 74. e5 Kd3 75. e6 Kd4 76. e7 Kc5 77. e8=Q Kd6 78.
Qe6+ Kc7 79. Qge7+ 1-0

[Event "2021 FIDE Online Olympiad"]
[Site "Chess.com"]
[Date "2021.08.29"]
[Round "7.6"]
[White "Brown, Raehanna"]
[Black "Barahona, Dalila Yamileth"]
[Result "0-1"]
[WhiteElo "1540"]
[BlackElo "1802"]
[PlyCount "189"]
[EventDate "2021.08.27"]
[EventType "team"]
[EventRounds "9"]
[SourceVersionDate "2018.05.14"]
[WhiteTeam "Jamaica"]
[BlackTeam "El Salvador"]
[WhiteTeamCountry "JAM"]
[BlackTeamCountry "ESA"]

1. c4 e5 2. Nc3 Nc6 3. g3 g6 4. Bg2 Bg7 5. d3 d6 6. e4 Nge7 7. Nge2 O-O 8. O-O
a6 9. f4 f5 10. h3 Rb8 11. a4 Be6 12. Nd5 Qd7 13. Kh2 fxe4 14. dxe4 Nd4 15. Qd3
Nec6 16. Nec3 Nb3 17. Rb1 Nxc1 18. Rbxc1 Nd4 19. b3 Nxb3 20. Rb1 Nc5 21. Qc2
exf4 22. gxf4 Rf7 23. a5 Rbf8 24. Kg3 h5 25. Ne2 Bxd5 26. cxd5 Qe7 27. h4 Re8
28. Rb4 Bf6 29. Rh1 Qd8 30. Qa2 Kg7 31. Nc1 Qd7 32. Bf3 Qe7 33. Nb3 Nd3 34.
Rxb7 Nxf4 35. Kxf4 Bxh4+ 36. Ke3 Bg5+ 37. Kf2 Qxe4 38. Qb2+ Kg8 39. Nd4 Be3+
40. Kg2 Bxd4 41. Bxe4 Bxb2 42. Bxg6 Rg7 43. Rxb2 Rxg6+ 44. Kf3 Re5 45. Rb8+ Kf7
46. Rb7 Rxd5 47. Rxc7+ Ke6 48. Re1+ Re5 49. Rd1 Rxa5 50. Rc6 Kd7 51. Rb6 Rf5+
52. Ke4 Re5+ 53. Kf4 Rg4+ 54. Kf3 Rf5+ 55. Ke3 Rf6 56. Rxa6 h4 57. Ra7+ Ke6 58.
Ra6 Kd7 59. Ra7+ Kc6 60. Ra6+ Kc7 61. Rc1+ Kd7 62. Ra7+ Ke6 63. Rh7 Rg3+ 64.
Ke4 d5+ 65. Kd4 Rg4+ 66. Kc5 Rf5 67. Re1+ Kf6 68. Rh1 d4+ 69. Kc4 Rff4 70. Kd3
Kg5 71. Rg7+ Kf6 72. Rxg4 Rxg4 73. Ke2 Ke5 74. Kf3 Rf4+ 75. Ke2 Ke4 76. Rh3 Rg4
77. Ra3 Rg3 78. Ra4 Rg2+ 79. Kf1 Rb2 80. Kg1 Ke3 81. Kf1 Rd2 82. Ra5 d3 83. Rh5
Kf3 84. Ke1 Rh2 85. Kd1 h3 86. Rh4 Kg3 87. Rd4 Rf2 88. Rxd3+ Rf3 89. Rd8 h2 90.
Rg8+ Kf2 91. Rh8 Kg2 92. Ke2 Rf2+ 93. Ke3 Rf3+ 94. Ke2 Rg3 95. Rf8 0-1